[Event "Chess.com Speed"]
[Site "Chess.com INT"]
[Date "2020.11.15"]
[Round "1.35"]
[White "Fabiano Caruana"]
[Black "Jan-Krzysztof Duda"]
[Result "1-0"]
[EventDate "?"]
[WhiteElo "2823"]
[BlackElo "2743"]
[Source "chessbites.com; date by Chess Assistant 21"]
[PlyCount "102"]

1. e4 e5 2. Nc3 Nf6 3. Nf3 Nc6 4. Bb5 Bb4 5. d3 Bxc3+ 6. bxc3 d6 7. O-O O-O 8. h3 h6 9. Re1 a6 10. Bc4 Na5 11. Bb3 c5 12. c4 b5 13. cxb5 axb5 14. Bd2 c4 15. Bxa5 Rxa5 16. dxc4 bxc4 17. Bxc4 Qc7 18. Bb3 Bb7 19. Nd2 Rc5 20. Re3 d5 21. exd5 Nxd5 22. Rg3 Nf4 23. Qg4 g6 24. Re1 Kh7 25. Nf3 f5 26. Qh4 Bxf3 27. Rxf3 g5 28. Qg3 Qa5 29. Rfe3 Ng6 30. R3e2 e4 31. Qd6 Qc7 32. Qxc7+ Rxc7 33. Rd2 Rf6 34. a4 h5 35. Red1 g4 36. hxg4 hxg4 37. g3 f4 38. gxf4 Nxf4 39. Rd7+ Rxd7 40. Rxd7+ Kg6 41. Rd2 Kg5 42. Bc4 Nh3+ 43. Kg2 Kh4 44. a5 Nf4+ 45. Kf1 g3 46. fxg3+ Kxg3 47. a6 e3 48. Rd8 Rh6 49. Rg8+ Kf3 50. a7 e2+ 51. Bxe2+ 1-0

[Event "Chess.com Speed"]
[Site "Chess.com INT"]
[Date "2020.11.15"]
[Round "1.11"]
[White "Jan-Krzysztof Duda"]
[Black "Fabiano Caruana"]
[Result "0-1"]
[EventDate "?"]
[WhiteElo "2743"]
[BlackElo "2823"]
[Source "chessbites.com; date by Chess Assistant 21"]
[PlyCount "66"]

1. e4 e6 2. d4 d5 3. Nc3 Nf6 4. e5 Nfd7 5. f4 c5 6. Nf3 Nc6 7. Be3 Be7 8. Qd2 a6 9. Be2 b5 10. O-O O-O 11. a3 Qb6 12. dxc5 Bxc5 13. Bxc5 Nxc5 14. Kh1 Bb7 15. Bd3 Rad8 16. Qf2 h6 17. b4 Nd7 18. Qh4 f6 19. exf6 Rxf6 20. Rae1 Rdf8 21. f5 Nd8 22. fxe6 Nxe6 23. Qg4 Qd6 24. Nd1 Nf4 25. Ne3 Nxd3 26. cxd3 Rf4 27. Qg3 d4 28. Nd1 Ne5 29. Nd2 Rg4 30. Rxf8+ Qxf8 31. Rxe5 Rxg3 32. hxg3 Qc8 33. Nf2 Qc1+ 0-1

[Event "Chess.com Speed"]
[Site "Chess.com INT"]
[Date "2020.11.15"]
[Round "1.13"]
[White "Jan-Krzysztof Duda"]
[Black "Fabiano Caruana"]
[Result "0-1"]
[EventDate "?"]
[WhiteElo "2743"]
[BlackElo "2823"]
[Source "chessbites.com; date by Chess Assistant 21"]
[PlyCount "80"]

1. e4 e6 2. d4 d5 3. Nc3 Nf6 4. e5 Nfd7 5. f4 c5 6. Nf3 Nc6 7. Be3 Be7 8. Qd2 a6 9. Be2 b5 10. O-O O-O 11. Kh1 b4 12. Nd1 a5 13. c4 dxc4 14. Bxc4 Bb7 15. d5 exd5 16. Bxd5 Nb6 17. Be4 Qxd2 18. Bxd2 Rfd8 19. Rc1 Rac8 20. Ne3 Ba6 21. Rfe1 g6 22. Ng4 Nc4 23. Rc2 Nd4 24. Nxd4 Rxd4 25. Bc1 Rcd8 26. Nf2 Nd2 27. Bxd2 Rxd2 28. Rec1 c4 29. Bf3 a4 30. Ne4 Rxc2 31. Rxc2 b3 32. axb3 cxb3 33. Rc6 Bb7 34. Rc1 Bxe4 35. Bxe4 Rd4 36. Bc6 Rxf4 37. Ra1 a3 38. bxa3 b2 39. Rg1 Rc4 40. Bb5 Rc1 0-1

[Event "Chess.com Speed"]
[Site "Chess.com INT"]
[Date "2020.11.15"]
[Round "1.15"]
[White "Jan-Krzysztof Duda"]
[Black "Fabiano Caruana"]
[Result "0-1"]
[EventDate "?"]
[WhiteElo "2743"]
[BlackElo "2823"]
[Source "chessbites.com; date by Chess Assistant 21"]
[PlyCount "74"]

1. e4 e6 2. d4 d5 3. Nc3 Nf6 4. e5 Nfd7 5. f4 c5 6. Nf3 Nc6 7. Be3 Be7 8. Qd2 a6 9. Be2 b5 10. a3 O-O 11. O-O Qb6 12. dxc5 Bxc5 13. Bxc5 Nxc5 14. Kh1 Bb7 15. Bd3 h6 16. Rae1 Rad8 17. Qf2 b4 18. Ne2 d4 19. Ng3 Ne7 20. Rd1 bxa3 21. bxa3 Qb2 22. Nh4 Rc8 23. Nh5 Nxd3 24. Qg3 g6 25. cxd3 Ba8 26. Rb1 Qd2 27. Nf6+ Kg7 28. Ne4 Qe3 29. Nd6 Rc2 30. f5 Qxg3 31. f6+ Kg8 32. hxg3 Nd5 33. Rfc1 Re2 34. Rc8 Rxc8 35. Nxc8 Ne3 36. Rb8 Re1+ 37. Kh2 Ng4+ 0-1

[Event "Chess.com Speed"]
[Site "Chess.com INT"]
[Date "2020.11.15"]
[Round "1.16"]
[White "Fabiano Caruana"]
[Black "Jan-Krzysztof Duda"]
[Result "0-1"]
[EventDate "?"]
[WhiteElo "2823"]
[BlackElo "2743"]
[Source "chessbites.com; date by Chess Assistant 21"]
[PlyCount "44"]

1. e4 c5 2. Nf3 d6 3. d4 cxd4 4. Nxd4 Nf6 5. Nc3 a6 6. h4 e5 7. Nb3 Be6 8. f4 exf4 9. Bxf4 Nc6 10. Qd2 d5 11. O-O-O Bb4 12. Qe3 d4 13. Nxd4 Bc5 14. Nce2 Qb6 15. Kb1 Ng4 16. Qc3 Rd8 17. Nxe6 Rxd1+ 18. Bc1 fxe6 19. Qxg7 Rf8 20. Qxg4 Ba3 21. Qxe6+ Kd8 22. b3 Qd4 0-1

[Event "Chess.com Speed"]
[Site "Chess.com INT"]
[Date "2020.11.15"]
[Round "1.18"]
[White "Fabiano Caruana"]
[Black "Jan-Krzysztof Duda"]
[Result "0-1"]
[EventDate "?"]
[WhiteElo "2823"]
[BlackElo "2743"]
[Source "chessbites.com; date by Chess Assistant 21"]
[PlyCount "90"]

1. e4 c5 2. Nf3 d6 3. d4 cxd4 4. Nxd4 Nf6 5. Nc3 a6 6. h4 e5 7. Nb3 Be6 8. f4 exf4 9. Bxf4 Nc6 10. Qd3 d5 11. O-O-O dxe4 12. Qe3 Qc8 13. Kb1 Ng4 14. Qg3 f5 15. Be2 Nf6 16. h5 Kf7 17. Qf2 h6 18. g4 fxg4 19. Bg3 Kg8 20. Qe3 Bf7 21. Nxe4 Nxh5 22. Bd6 Qe6 23. Rxh5 Bxh5 24. Nbc5 Qe8 25. Bxf8 Qxf8 26. Rd7 Re8 27. a3 Ne5 28. Rxb7 Kh7 29. Qd4 Re7 30. Rb6 Bg6 31. Ne6 Qf5 32. N6c5 Rf8 33. Ka2 g3 34. Nxg3 Qxc2 35. Qd1 Qxd1 36. Bxd1 Rf6 37. Rxf6 gxf6 38. Nxa6 f5 39. Ne2 h5 40. Nf4 h4 41. Nc5 Bf7+ 42. b3 Ng6 43. Nh3 Bd5 44. Kb2 Re3 45. Ng5+ Kh6 0-1

[Event "Chess.com Speed"]
[Site "Chess.com INT"]
[Date "2020.11.15"]
[Round "1.31"]
[White "Fabiano Caruana"]
[Black "Jan-Krzysztof Duda"]
[Result "0-1"]
[EventDate "?"]
[WhiteElo "2823"]
[BlackElo "2743"]
[Source "chessbites.com; date by Chess Assistant 21"]
[PlyCount "102"]

1. e4 e5 2. Nf3 Nf6 3. Nxe5 d6 4. Nf3 Nxe4 5. Nc3 Nxc3 6. dxc3 Be7 7. Be3 O-O 8. Bd3 Nd7 9. Qe2 b6 10. O-O-O Bb7 11. Nd4 Bf6 12. h4 Nc5 13. Bb5 a6 14. Bc6 Bxd4 15. cxd4 Bxc6 16. dxc5 bxc5 17. Bxc5 Re8 18. Qg4 Qc8 19. Qxc8 Raxc8 20. Bd4 Re4 21. f3 Re2 22. Rd2 Rce8 23. Rhd1 f6 24. b3 Kf7 25. c4 Bd7 26. Kc2 Bf5+ 27. Kc3 h5 28. Bf2 R8e5 29. Rxe2 Rxe2 30. Rd2 Rxd2 31. Kxd2 Ke6 32. Kc3 c5 33. b4 cxb4+ 34. Kxb4 Bb1 35. a3 Bd3 36. g3 g5 37. f4 g4 38. Bd4 Kf5 39. c5 dxc5+ 40. Kxc5 Ke4 41. Bxf6 Kf3 42. f5 Kxg3 43. Kd4 Bxf5 44. Ke3 Kg2 45. Be5 g3 46. Bb8 Bd7 47. Bc7 Be6 48. Bd6 Kh3 49. Be5 Kxh4 50. Kf3 Bd5+ 51. Kf4 Kh3 0-1

[Event "Chess.com Speed"]
[Site "Chess.com INT"]
[Date "2020.11.15"]
[Round "1.37"]
[White "Fabiano Caruana"]
[Black "Jan-Krzysztof Duda"]
[Result "0-1"]
[EventDate "?"]
[WhiteElo "2823"]
[BlackElo "2743"]
[Source "chessbites.com; date by Chess Assistant 21"]
[PlyCount "76"]

1. d4 Nf6 2. Nf3 g6 3. g3 Bg7 4. Bg2 O-O 5. O-O d5 6. c4 c6 7. Qb3 Qb6 8. Rd1 Rd8 9. Nc3 Be6 10. Qxb6 axb6 11. cxd5 Nxd5 12. Nxd5 Bxd5 13. a3 Bxf3 14. Bxf3 Rxd4 15. Be3 Rxd1+ 16. Rxd1 Na6 17. Bxb6 Bxb2 18. a4 Ba3 19. a5 Bc5 20. Rd7 Bxb6 21. axb6 Nc5 22. Rxe7 Ra1+ 23. Kg2 Rb1 24. e3 Rxb6 25. h4 h5 26. g4 hxg4 27. Bxg4 Rb4 28. Kf3 Kf8 29. Rc7 f5 30. Bh3 Rxh4 31. Bf1 Re4 32. Rh7 Re7 33. Rh8+ Kg7 34. Rb8 Nd7 35. Rd8 Ne5+ 36. Kf4 Rd7 37. Re8 Kf6 38. e4 g5+ 0-1

[Event "Chess.com Speed"]
[Site "Chess.com INT"]
[Date "2020.11.15"]
[Round "1.39"]
[White "Fabiano Caruana"]
[Black "Jan-Krzysztof Duda"]
[Result "0-1"]
[EventDate "?"]
[WhiteElo "2823"]
[BlackElo "2743"]
[Source "chessbites.com; date by Chess Assistant 21"]
[PlyCount "80"]

1. e4 c5 2. Nf3 d6 3. d4 cxd4 4. Nxd4 Nf6 5. Nc3 a6 6. Rg1 e5 7. Nb3 Be6 8. g4 d5 9. exd5 Nxd5 10. Bg2 Nxc3 11. Qxd8+ Kxd8 12. bxc3 Nc6 13. Be3 Kc7 14. Rb1 Rc8 15. Be4 Be7 16. Ke2 b5 17. g5 Rcd8 18. h4 Bd5 19. Kf3 Bxe4+ 20. Kxe4 Rd7 21. Nd2 Rhd8 22. Nf3 Re8 23. h5 Na5 24. a4 Nc4 25. Nh4 bxa4 26. Nf5 g6 27. hxg6 hxg6 28. Nh6 Ba3 29. Ra1 Rb8 30. Ng4 Rb2 31. Nf6 Rd8 32. Rh1 Rxc2 33. Rh7 Kc6 34. Rxf7 Nd6+ 35. Kd3 Rb2 36. Rh7 Nb5+ 37. Kc4 Rb3 38. Ne4 Rd5 39. Rf7 Rxc3+ 40. Nxc3 Nd6# 0-1

[Event "Chess.com Speed"]
[Site "Chess.com INT"]
[Date "2020.11.15"]
[Round "1.17"]
[White "Jan-Krzysztof Duda"]
[Black "Fabiano Caruana"]
[Result "1-0"]
[EventDate "?"]
[WhiteElo "2743"]
[BlackElo "2823"]
[Source "chessbites.com; date by Chess Assistant 21"]
[PlyCount "62"]

1. e4 e6 2. d4 d5 3. Nc3 Nf6 4. e5 Nfd7 5. Nce2 c5 6. c3 Nc6 7. f4 Be7 8. Nf3 a5 9. a4 O-O 10. h4 f6 11. Rh3 Nb6 12. Ng3 cxd4 13. cxd4 Nb4 14. Bd3 Nxd3+ 15. Qxd3 Bd7 16. b3 Rc8 17. Bd2 Na8 18. h5 h6 19. Ne2 b6 20. g4 Nc7 21. Rc1 Ne8 22. Qg6 Rxc1+ 23. Bxc1 Nc7 24. exf6 Rxf6 25. Qd3 Rf8 26. Ne5 b5 27. g5 Bd6 28. gxh6 Bxe5 29. fxe5 bxa4 30. Qg6 Ne8 31. hxg7 1-0

[Event "Chess.com Speed"]
[Site "Chess.com INT"]
[Date "2020.11.15"]
[Round "1.22"]
[White "Jan-Krzysztof Duda"]
[Black "Fabiano Caruana"]
[Result "1-0"]
[EventDate "?"]
[WhiteElo "2743"]
[BlackElo "2823"]
[Source "chessbites.com; date by Chess Assistant 21"]
[PlyCount "124"]

1. e4 e5 2. Nf3 Nc6 3. Bc4 Bc5 4. c3 Nf6 5. d3 d6 6. O-O a6 7. a4 Ba7 8. Re1 h6 9. Nbd2 Nh7 10. b4 Qf6 11. d4 Ng5 12. b5 Na5 13. Be2 O-O 14. Ba3 Re8 15. Qc2 Nxf3+ 16. Nxf3 Bg4 17. Bb4 Bb6 18. dxe5 dxe5 19. c4 c5 20. Ba3 Rad8 21. Bb2 Bc7 22. Nd2 Bxe2 23. Rxe2 axb5 24. axb5 b6 25. Nf1 Qe6 26. Ne3 Ra8 27. Nd5 Rec8 28. Re3 Bd8 29. h3 Nb7 30. Rd1 Ra2 31. Qb3 Rca8 32. Rg3 Kh7 33. Rf3 R8a7 34. Rb1 Nd6 35. Qd3 R2a4 36. Rc1 Ra2 37. Rc2 R7a4 38. Qb3 Ra7 39. Qd3 R2a4 40. Kh2 Ra2 41. g3 Qg6 42. Re3 Qe6 43. Kg2 R2a4 44. Ree2 Ra2 45. Qb3 R2a4 46. Bc1 Ra1 47. Bb2 R1a4 48. Qd3 Ra2 49. Ne3 R2a4 50. Ng4 f6 51. Ne3 Be7 52. Nd5 Bd8 53. h4 Nf7 54. f3 h5 55. Bc1 Nd6 56. Red2 Nf7 57. Rd1 Nd6 58. Nc3 Rxc4 59. Qxd6 Qxd6 60. Rxd6 Be7 61. Rxb6 Rd4 62. Ra6 1-0

[Event "Chess.com Speed"]
[Site "Chess.com INT"]
[Date "2020.11.15"]
[Round "1.24"]
[White "Jan-Krzysztof Duda"]
[Black "Fabiano Caruana"]
[Result "1-0"]
[EventDate "?"]
[WhiteElo "2743"]
[BlackElo "2823"]
[Source "chessbites.com; date by Chess Assistant 21"]
[PlyCount "58"]

1. e4 e5 2. Nf3 Nc6 3. Bc4 Bc5 4. c3 Nf6 5. d3 d6 6. O-O O-O 7. Bg5 h6 8. Bh4 g5 9. Bg3 Qe7 10. b4 Bb6 11. a4 a5 12. b5 Nd8 13. Nbd2 Nh5 14. d4 Nxg3 15. hxg3 Kg7 16. Bb3 Bg4 17. Nc4 f6 18. Ne3 Bd7 19. Re1 Nf7 20. Nh2 c6 21. bxc6 bxc6 22. Rb1 Rab8 23. g4 Rfd8 24. Nhf1 h5 25. Ng3 Nh6 26. Nxh5+ Kg6 27. Nf5 Nxf5 28. gxf5+ Kh6 29. Re3 1-0

[Event "China vs World Team 2018"]
[Site "Liaocheng CHN"]
[Date "2018.04.09"]
[Round "10.2"]
[White "Xiangzhi Bu"]
[Black "Jan Krzysztof Duda"]
[Result "1/2-1/2"]
[EventDate "?"]
[WhiteElo "2725"]
[BlackElo "2724"]
[PlyCount "30"]

1. Nf3 d5 2. d4 Nf6 3. c4 c6 4. cxd5 cxd5 5. Nc3 Nc6 6. Bf4 Bf5 7. e3 e6 8. Bd3 Bxd3 9. Qxd3 Bd6 10. Bxd6 Qxd6 11. O-O O-O 12. Rfc1 Rfc8 13. h3 h6 14. Nd2 Nd7 15. Ne2 Ne7 1/2-1/2

[Event "China vs World Team 2018"]
[Site "Liaocheng CHN"]
[Date "2018.04.07"]
[Round "5.2"]
[White "Jan Krzysztof Duda"]
[Black "Xiangzhi Bu"]
[Result "0-1"]
[EventDate "?"]
[WhiteElo "2724"]
[BlackElo "2725"]
[PlyCount "148"]

1. c4 Nf6 2. Nc3 c5 3. g3 g6 4. Bg2 Bg7 5. Nf3 Nc6 6. d3 d6 7. a3 O-O 8. Rb1 a5 9. Bd2 Bd7 10. O-O Qc8 11. Ne1 Bh3 12. Nc2 Bxg2 13. Kxg2 Qd7 14. b4 axb4 15. axb4 d5 16. cxd5 Nxb4 17. Nxb4 cxb4 18. Rxb4 Nxd5 19. Nxd5 Qxd5+ 20. Kg1 Ra2 21. Ra4 Rc8 22. e4 Qe6 23. Be3 Rb2 24. Ra7 h5 25. Qf3 Rd8 26. Rd1 Qb3 27. Kg2 Rxd3 28. Ra8+ Kh7 29. Re1 Qe6 30. Qf4 b5 31. Rc1 Qe5 32. Rcc8 Qxf4 33. Bxf4 Bd4 34. e5 Rxf2+ 35. Kh3 g5 36. Rh8+ Kg6 37. Rag8+ Kf5 38. Bxg5 Bxe5 39. Rxh5 Ke6 40. Bxe7 Rdd2 41. Bh4 Rxh2+ 42. Kg4 f6 43. Re8+ Kf7 44. Rhh8 f5+ 45. Kxf5 Bxh8 46. Rxh8 Rhf2+ 47. Ke4 Rfe2+ 48. Kf3 Re5 49. Rb8 Ke6 50. g4 Rd3+ 51. Kf4 Rd4+ 52. Kf3 Rc5 53. Be1 Ra4 54. Kg3 Kd7 55. Kh4 Rd5 56. Bg3 Kc6 57. Bf2 Re4 58. Kg3 Kc7 59. Rb6 Rd3+ 60. Kh4 b4 61. Kh5 Rf3 62. Bg1 Rf1 63. Bc5 Re5+ 64. Kg6 Rxc5 65. Rxb4 Kd7 66. Re4 Rc6+ 67. Kg7 Rff6 68. Ra4 Rg6+ 69. Kh7 Rg5 70. Ra7+ Ke6 71. Ra4 Kf7 72. Ra7+ Kf6 73. Ra4 Rc7+ 74. Kh8 Re5 0-1

[Event "TCh-CZE Extraliga 2017-18"]
[Site "Czech Republic CZE"]
[Date "2017.12.03"]
[Round "4.6"]
[White "Tamas Petenyi"]
[Black "Jan Krzysztof Duda"]
[Result "0-1"]
[EventDate "?"]
[WhiteElo "2454"]
[BlackElo "2710"]
[PlyCount "100"]

1. g3 g6 2. Bg2 Bg7 3. c4 c5 4. Nc3 Nc6 5. e3 e5 6. Nge2 Nge7 7. O-O d6 8. b3 O-O 9. Bb2 Be6 10. d3 d5 11. cxd5 Nxd5 12. Na4 Qe7 13. Rc1 b6 14. a3 Rac8 15. d4 cxd4 16. exd4 Bh6 17. Rc2 Ne3 18. fxe3 Bxe3+ 19. Kh1 Bxb3 20. Nac3 Rfd8 21. Qd3 exd4 22. Ne4 Bxc2 23. Qxc2 d3 24. Qc3 Ne5 25. Nf6+ Kg7 26. Qxe5 Qxe5 27. Bxe5 dxe2 28. Ng4+ Kg8 29. Nxe3 exf1=Q+ 30. Bxf1 Rc1 31. Kg2 Rd2+ 32. Kf3 Rxh2 33. a4 Rxf1+ 34. Nxf1 Ra2 35. Ne3 Rxa4 36. Nd5 h5 37. Nf6+ Kf8 38. Bd6+ Kg7 39. Ne8+ Kh6 40. Be5 g5 41. Nd6 Kg6 42. Nc8 f6 43. Bb8 a5 44. Nxb6 Rb4 45. Ba7 a4 46. Nd5 Rc4 47. Ne7+ Kh7 48. Nd5 a3 49. Nxf6+ Kg6 50. Nd7 Rc3+ 0-1

[Event "Leon 30th"]
[Site "Leon"]
[Date "2017.07.07"]
[Round "1.4"]
[White "Jan-Krzysztof Duda"]
[Black "Wesley So"]
[Result "0-1"]
[EventDate "?"]
[WhiteElo "2707"]
[BlackElo "2810"]
[Source "chessbites.com; date by Chess Assistant 21"]
[PlyCount "80"]

1. e4 e6 2. d3 d5 3. Nd2 Nf6 4. Ngf3 c5 5. g3 Nc6 6. Bg2 Be7 7. O-O O-O 8. Re1 b5 9. e5 Nd7 10. Nf1 a5 11. Bf4 b4 12. h4 a4 13. N1h2 a3 14. b3 Bb7 15. Bh3 Rc8 16. Rc1 Re8 17. Ng5 Bxg5 18. hxg5 Nf8 19. Qh5 Nd4 20. Bg2 Re7 21. Ng4 c4 22. Nf6+ Kh8 23. dxc4 dxc4 24. Rcd1 cxb3 25. cxb3 Bxg2 26. Kxg2 Qb6 27. Re4 Nf5 28. Ng4 Qb7 29. Re1 Rc2 30. Qh1 Rxa2 31. Kh3 Rc2 32. Rd1 Rd7 33. f3 a2 34. Ne3 Nxe3 35. Bxe3 Qa6 36. Rxb4 Rxd1 37. Qxd1 a1=Q 38. Rb8 Qf1+ 39. Kh4 Qh1+ 40. Kg4 h5+ 0-1

[Event "Leon 30th"]
[Site "Leon"]
[Date "2017.07.07"]
[Round "1.3"]
[White "Wesley So"]
[Black "Jan-Krzysztof Duda"]
[Result "1-0"]
[EventDate "?"]
[WhiteElo "2810"]
[BlackElo "2707"]
[Source "chessbites.com; date by Chess Assistant 21"]
[PlyCount "146"]

1. Nf3 c5 2. c4 Nc6 3. Nc3 g6 4. e3 Nf6 5. d4 cxd4 6. exd4 d5 7. cxd5 Nxd5 8. Qb3 Nxc3 9. Bc4 Nd5 10. Bxd5 e6 11. Bxc6+ bxc6 12. O-O Qd5 13. Be3 Be7 14. Rfc1 f6 15. Nd2 Bd7 16. Qc3 Kf7 17. Nc4 Rhb8 18. Bf4 Rb5 19. Rd1 Be8 20. b3 Rd8 21. Qe1 Qd7 22. Bd2 Rd5 23. Ba5 Rc8 24. Bc3 Kg7 25. Ne3 Rb5 26. Rd3 g5 27. Nc4 Rd5 28. Rad1 Bf7 29. h3 h5 30. Qe2 Re8 31. Ne3 Rb5 32. Nf1 Bd6 33. Ng3 Bxg3 34. Rxg3 h4 35. Re3 Rd5 36. f4 gxf4 37. Qg4+ Rg5 38. Qxf4 e5 39. Qxh4 Bd5 40. Rg3 Rxg3 41. Qxg3+ Kf7 42. dxe5 Rg8 43. Qf3 Ke8 44. Qh5+ Kd8 45. Rd2 fxe5 46. Qxe5 Kc8 47. Kh2 Kb7 48. Re2 Ka8 49. Be1 Qh7 50. Bg3 Rh8 51. Qe7 Qf5 52. Rf2 Qh5 53. Rf8+ Rxf8 54. Qxf8+ Kb7 55. Qb8+ Ka6 56. Bf2 Qf7 57. Qc8+ Kb5 58. Qb8+ Ka6 59. Bd4 Qe7 60. Qxa7+ Qxa7 61. Bxa7 Kxa7 62. h4 Kb6 63. h5 Kc5 64. Kg3 Kd6 65. h6 Bg8 66. Kf4 Ke6 67. Kg5 Bh7 68. b4 Kf7 69. a4 Be4 70. g4 Bc2 71. a5 Bd3 72. Kf4 Kg6 73. g5 1-0

[Event "Leon 30th"]
[Site "Leon"]
[Date "2017.07.07"]
[Round "1.1"]
[White "Wesley So"]
[Black "Jan-Krzysztof Duda"]
[Result "0-1"]
[EventDate "?"]
[WhiteElo "2810"]
[BlackElo "2707"]
[Source "chessbites.com; date by Chess Assistant 21"]
[PlyCount "34"]

1. d4 d5 2. c4 c6 3. Nf3 Nf6 4. e3 e6 5. b3 c5 6. cxd5 Nxd5 7. Bb2 cxd4 8. Nxd4 e5 9. Nf3 Nc6 10. Bc4 Bb4+ 11. Nbd2 Nb6 12. Bb5 Qd5 13. Bxc6+ bxc6 14. Bxe5 Bg4 15. Bc7 O-O 16. a3 Bxf3 17. axb4 Bxd1 0-1

[Event "World Team Chess Championship"]
[Site "Khanty-Mansiysk RUS"]
[Date "2017.06.24"]
[Round "7.5"]
[White "Jan-Krzysztof Duda"]
[Black "Frode Olav Olsen Urkedal"]
[Result "1-0"]
[EventDate "2017.06.17"]
[WhiteElo "2697"]
[BlackElo "2541"]
[PlyCount "65"]

1. d4 Nf6 2. c4 e6 3. Nc3 Bb4 4. e3 b6 5. Ne2 c5 6. a3 Ba5 7. Rb1 Na6 8. g3 Bb7 9. d5 b5 10. Bg2 bxc4 11. O-O O-O 12. e4 exd5 13. exd5 d6 14. h3 Nc7 15. g4 Nd7 16. Bf4 Bxc3 17. Nxc3 Nb6 18. Qd2 Qd7 19. Rbd1 Rad8 20. Rfe1 a6 21. Re3 Rfe8 22. Rg3 Nb5 23. h4 Nxc3 24. bxc3 Rb8 25. h5 Bc8 26. Rb1 Rb7 27. h6 g6 28. Re1 Rf8 29. Rge3 Qd8 30. Qe2 Qf6 31. Re8 Nd7 32. Qe3 Rb3 33. g5 1-0

[Event "Lake Sevan 2016"]
[Site "Martuni ARM"]
[Date "2016.07.23"]
[Round "6.3"]
[White "Jan Krzysztof Duda"]
[Black "Robert Hovhannisyan"]
[Result "1-0"]
[EventDate "?"]
[WhiteElo "2671"]
[BlackElo "2640"]
[PlyCount "50"]

1. e4 e5 2. Nf3 Nc6 3. d4 exd4 4. Nxd4 Bc5 5. Nb3 Bb6 6. Nc3 d6 7. Qe2 a5 8. Be3 a4 9. Bxb6 axb3 10. Be3 bxa2 11. Rxa2 Rxa2 12. Nxa2 Nge7 13. Qd2 d5 14. exd5 Qxd5 15. Nc3 Qxd2+ 16. Kxd2 O-O 17. Be2 Rd8+ 18. Kc1 Nd4 19. Bd1 Be6 20. Re1 c5 21. Na4 c4 22. Bxd4 Rxd4 23. Nc5 Nd5 24. Bf3 c3 25. Nb3 1-0

[Event "Lake Sevan 2016"]
[Site "Martuni ARM"]
[Date "2016.07.22"]
[Round "5.3"]
[White "Arman Pashikian"]
[Black "Jan Krzysztof Duda"]
[Result "1-0"]
[EventDate "?"]
[WhiteElo "2615"]
[BlackElo "2671"]
[PlyCount "120"]

1. d4 Nf6 2. Nf3 g6 3. c4 Bg7 4. g3 O-O 5. Bg2 c5 6. Nc3 cxd4 7. Nxd4 Nc6 8. O-O Qa5 9. e3 d6 10. Bd2 Bd7 11. Nd5 Qd8 12. Nxf6+ Bxf6 13. Bc3 Nxd4 14. Bxd4 Bxd4 15. exd4 Rc8 16. Rc1 Rc7 17. d5 Qc8 18. b3 Bh3 19. Bxh3 Qxh3 20. Qd4 b6 21. Rfe1 Re8 22. a4 e5 23. dxe6 Rxe6 24. Rxe6 Qxe6 25. Rd1 Re7 26. Qxd6 Qxd6 27. Rxd6 Re1+ 28. Kg2 Rb1 29. Rd3 g5 30. Rc3 Kf8 31. c5 bxc5 32. Rxc5 Rxb3 33. Rxg5 a6 34. Ra5 Rb6 35. g4 Kg7 36. Kg3 h6 37. h3 Kg6 38. f4 Kg7 39. Kh4 Rb4 40. f5 Rb6 41. Kh5 Rc6 42. h4 Rd6 43. Rc5 Rb6 44. Rc7 Rd6 45. Ra7 Rf6 46. a5 Rc6 47. Rb7 Rc5 48. Rb6 Rxa5 49. Rxh6 f6 50. Rg6+ Kf7 51. Kh6 Ra4 52. Rg7+ Kf8 53. g5 Rxh4+ 54. Kg6 fxg5 55. f6 Rf4 56. Ra7 Ke8 57. Kg7 g4 58. f7+ Rxf7+ 59. Rxf7 g3 60. Kf6 1-0

[Event "Lake Sevan 2016"]
[Site "Martuni ARM"]
[Date "2016.07.19"]
[Round "2.3"]
[White "Jan Krzysztof Duda"]
[Black "Hovhannes Gabuzyan"]
[Result "1-0"]
[EventDate "?"]
[WhiteElo "2671"]
[BlackElo "2607"]
[PlyCount "110"]

1. e4 c5 2. Nf3 d6 3. d4 cxd4 4. Nxd4 Nf6 5. Nc3 a6 6. Bg5 Nc6 7. Qd2 e6 8. O-O-O h6 9. Bf4 Bd7 10. Nxc6 Bxc6 11. Qe1 Qa5 12. Bc4 Rc8 13. Nd5 Qd8 14. Bb3 Nd7 15. f3 Bxd5 16. exd5 e5 17. c3 b5 18. Kb1 a5 19. Bc2 Qc7 20. Be3 Be7 21. Qe2 Rb8 22. g4 Nc5 23. Rc1 h5 24. h4 g6 25. f4 hxg4 26. f5 gxf5 27. Bxf5 b4 28. c4 a4 29. h5 a3 30. b3 Bf6 31. Bxg4 e4 32. Rcf1 Be5 33. Kc2 Nd7 34. Rf5 Ke7 35. h6 Rbg8 36. Rg5 Rf8 37. Bxd7 Kxd7 38. Qg4+ Kd8 39. Qxe4 Re8 40. Qf5 Bc3 41. Rg3 Qd7 42. Qxd7+ Kxd7 43. Rf1 Rh7 44. Kd3 Re5 45. Rgf3 Ke7 46. Rf5 Rxf5 47. Rxf5 Rh8 48. Rh5 Kf6 49. Bd4+ Bxd4 50. Kxd4 Kg6 51. Rh2 f5 52. c5 dxc5+ 53. Kxc5 f4 54. d6 f3 55. d7 1-0

[Event "Lake Sevan 2016"]
[Site "Martuni ARM"]
[Date "2016.07.18"]
[Round "1.1"]
[White "Jan Krzysztof Duda"]
[Black "Samuel Sevian"]
[Result "1/2-1/2"]
[EventDate "?"]
[WhiteElo "2671"]
[BlackElo "2595"]
[PlyCount "92"]

1. d4 Nf6 2. c4 g6 3. Nc3 d5 4. Bg5 Bg7 5. Bxf6 Bxf6 6. cxd5 c6 7. e4 Bg7 8. Nf3 O-O 9. Bc4 cxd5 10. Bxd5 Nc6 11. Bxc6 bxc6 12. Qd2 c5 13. dxc5 Rb8 14. b3 Qa5 15. Nd5 Qxc5 16. Rc1 Qa3 17. O-O e6 18. Ne3 Qb4 19. Nc4 Qxd2 20. Nfxd2 Rd8 21. Rfd1 Bb7 22. f3 Bh6 23. Kf2 Ba6 24. Rb1 Rd3 25. Ke1 Kg7 26. e5 Bf4 27. Ne4 Bxc4 28. bxc4 Rxd1+ 29. Rxd1 Bxe5 30. g3 Rb4 31. Rd7 h6 32. Rxa7 Rxc4 33. Kd2 Rb4 34. Kd3 g5 35. Ra5 Bc7 36. Rc5 Bb6 37. Rc4 Rb2 38. Rc2 Rb1 39. Nd2 Ra1 40. Rb2 Bd8 41. Nc4 Bf6 42. Rf2 Rc1 43. Rc2 Ra1 44. Rf2 Rc1 45. Rc2 Ra1 46. Rf2 1/2-1/2

[Event "TCh-CZE Extraliga 2014-15"]
[Site "Prague CZE"]
[Date "2015.02.08"]
[Round "8.4"]
[White "Jan Krzysztof Duda"]
[Black "Peter Michalik"]
[Result "1-0"]
[EventDate "?"]
[WhiteElo "2599"]
[BlackElo "2571"]
[PlyCount "50"]

1. e4 c6 2. d4 d5 3. Nc3 dxe4 4. Nxe4 Bf5 5. Ng3 Bg6 6. Nh3 e6 7. Nf4 Bd6 8. h4 Qc7 9. Nxg6 hxg6 10. Ne4 Bf4 11. g3 Bxc1 12. Qxc1 Nf6 13. Bg2 Nxe4 14. Bxe4 Nd7 15. O-O O-O-O 16. Rd1 Nf6 17. Bf3 Rhe8 18. Qe3 Qb6 19. a4 Qxb2 20. Rab1 Qxc2 21. d5 Nxd5 22. Qxa7 Re7 23. Bxd5 exd5 24. Qa8+ Kd7 25. Rxb7+ 1-0

[Event "Najdorf Mem Open A 2014"]
[Site "Warsaw POL"]
[Date "2014.07.20"]
[Round "9.9"]
[White "Jan Krzysztof Duda"]
[Black "Bartosz Socko"]
[Result "1-0"]
[EventDate "?"]
[WhiteElo "2580"]
[BlackElo "2616"]
[PlyCount "126"]

1. e4 e6 2. d4 d5 3. Nc3 Bb4 4. e5 c5 5. a3 Bxc3+ 6. bxc3 Qa5 7. Bd2 Qa4 8. Qb1 c4 9. Ne2 Nc6 10. Ng3 Bd7 11. Be2 O-O-O 12. O-O Nge7 13. Nh5 Rhg8 14. Re1 Kb8 15. Qd1 Rdf8 16. Bg4 Ka8 17. Bh3 Nf5 18. Ra2 Qa5 19. a4 Nce7 20. Qc1 Nc8 21. Ra3 Nb6 22. Bxf5 exf5 23. Re3 Nxa4 24. Rg3 b5 25. Nxg7 Qb6 26. Nh5 Rxg3 27. fxg3 b4 28. cxb4 Qxd4+ 29. Be3 Qxe5 30. c3 Re8 31. Bd4 Qe1+ 32. Qxe1 Rxe1+ 33. Kf2 Rb1 34. Nf6 Rb3 35. Ra2 Bc6 36. Nxd5 Nb2 37. Rxa7+ Kb8 38. Nc7 Nd3+ 39. Ke2 Bb7 40. Na6+ Kc8 41. Nc5 Nxc5 42. bxc5 Rb2+ 43. Ke3 Kc7 44. Kf4 Rxg2 45. h4 Kc6 46. Ra4 Bc8 47. Rb4 Re2 48. Rb6+ Kc7 49. Be3 Rc2 50. Bd4 Re2 51. Be3 Rc2 52. Kg5 Rxc3 53. Bf4+ Kd8 54. Rd6+ Ke8 55. Kh6 Rf3 56. Kxh7 c3 57. Rd1 c2 58. Re1+ Be6 59. Kg7 Rd3 60. Rc1 Bb3 61. h5 f6 62. c6 Rd1 63. h6 1-0